000 00582nam a2200229Ia 4500
008 170203s9999 xx 000 0 und d
020 _a0-590216872
050 _aFic
050 _b.Ar757n 1997
100 _aArnold, Nick.
245 _aNasty nature /
245 _cby Nick Arnold ; illustrated by Tony De Saulles.
260 _aUK
260 _bScholastic Ltd.
260 _c1997
300 _a159 pages;
300 _billustrations ;
300 _c20 cm.
440 _aHorrible science.
650 _aAnimals -- Miscellanea --
650 _xJuvenile literature.
999 _c306121
_d306121